Postacie historyczne #4 - Statystyki

Ogólne statystyki
  • Ten quiz został rozwiązany 72 razy
  • Średni wynik to 6 z 20
Statystyki odpowiedzi
Hint Odpowiedź % Poprawnych
Rewolucjonista rosyjski, jeden z twórców i przywódców ZSRR, współpracownik Lenina, zamordowany na rozkaz Stalina Lew Trocki
72%
Przywódca walk o wyzwolenie Ameryki Południowej, na jego cześć nazwano kraj Simón Bolívar
56%
Artysta znany m.in. z obrazu "Guernica" Pablo Picasso
51%
Dyktator Kambodży i przywódca Czerwonych Khmerów Pol Pot
49%
Odkrył cztery największe księżyce Jowisza Galileusz
48%
Cesarz Austrii, za jego panowania przekształciła się w Austro-Wegry Franciszek Józef
46%
Pokonał wojska Napoleona pod Trafalgarem Horatio Nelson
44%
Awanturnik, podróżnik i literat, dzięki historiom zawartym w swoich pamiętnikach został synonimem uwodziciela Giacomo Casanova
43%
Cesarz rzymski, znany z budowy umocnień w Brytanii Hadrian
43%
Poprowadził tzw. wyprawę tysiąca Czerwonych Koszul Giuseppe Garibaldi
39%
Rzymski poeta, autor "Eneidy" Wergiliusz
38%
Walczył przeciwko Oktawianowi Augustowi w wojnie domowej o władzę w imperium rzymskim Marek Antoniusz
28%
Zbudował pierwszy sterowiec o konstrukcji szkieletowej Ferdinand von Zeppelin
25%
Niemiecki astronom, który opisał prawa ruchu planet wokół Słońca Johannes Kepler
21%
Chiński filozof, twórca taoizmu Laozi
18%
Ikona walki o równouprawnienie Afroamerykanów, twierdził że użycie przemocy do tego celu jest uzasadnione Malcolm X
16%
Królowa Szwecji, ostatnia przedstawicielka dynastii Wazów, słynęła z mądrości Krystyna Waza
7%
Władczyni Masagetów, pokonała i zabiła króla Persji Cyrusa Wielkiego Tomyris
3%
Amerykański niewolnik, działacz społeczny, po ucieczce z niewoli przywódca ruchu abolicjonistów Frederick Douglass
2%
Pierwszy władca w historii Indii, zjednoczył prawie cały subkontynent indyjski Czandragupta Maurja
0%
Nie znaleziono quizów pasujących do podanych kryteriów
Rozkład punktacji
Procent ludzi z każdym wynikiem
Percentyl według liczby udzielonych odpowiedzi
Twoja historia wyników
Nie rozwiązałeś tego quizu